Pokémon TCG Pocket - Réjouissances Rayonnantes - Statistiques

Statistiques générales
  • Ce quiz a été pris 29 fois
  • Le résultat moyen est 57 sur 111
Statistiques - réponses
Numéro Nom de la carte Rareté Type de quiz % Correct
009 Reptincel ◆◆ Feu
89%
100 Reptincel 🟎 Feu
89%
008 Salamèche Feu
89%
099 Salamèche 🟎 Feu
89%
042 Riolu Combat
84%
104 Riolu 🟎 Combat
84%
001 Aspicot Plante
79%
097 Aspicot 🟎 Plante
79%
002 Coconfort ◆◆ Plante
79%
098 Coconfort 🟎 Plante
79%
010 Dracaufeu EX ◆◆◆◆ Feu
79%
080 Dracaufeu EX ★★ Feu
79%
108 Dracaufeu EX 🟎🟎 Feu
79%
043 Lucario EX ◆◆◆◆ Combat
79%
084 Lucario EX ★★ Combat
79%
110 Lucario EX 🟎🟎 Combat
79%
035 Giratina EX ◆◆◆◆ Psy
74%
083 Giratina EX ★★ Psy
74%
096 Giratina EX ★★★ Psy
74%
022 Pikachu EX ◆◆◆◆ Électrique
74%
082 Pikachu EX ★★ Électrique
74%
092 Pikachu EX ★★ Électrique
74%
003 Dardargnan EX ◆◆◆◆ Plante
68%
079 Dardargnan EX ★★ Plante
68%
107 Dardargnan EX 🟎🟎 Plante
68%
064 Keunotor Incolore
68%
025 Pachirisu ◆◆ Électrique
68%
103 Pachirisu 🟎 Électrique
68%
065 Castorno EX ◆◆◆◆ Incolore
63%
087 Castorno EX ★★ Incolore
63%
095 Castorno EX ★★ Incolore
63%
048 Terraiste de Paldea EX ◆◆◆◆ Obscurité
63%
085 Terraiste de Paldea EX ★★ Obscurité
63%
093 Terraiste de Paldea EX ★★ Obscurité
63%
019 Triopikeau EX ◆◆◆◆ Eau
63%
081 Triopikeau EX ★★ Eau
63%
109 Triopikeau EX 🟎🟎 Eau
63%
047 Axoloto de Paldea Obscurité
58%
054 Forgelina EX ◆◆◆◆ Métal
58%
086 Forgelina EX ★★ Métal
58%
094 Forgelina EX ★★ Métal
58%
057 Gromago ◆◆◆ Métal
58%
077 Gromago Métal
58%
007 Miascarade ◆◆◆ Plante
58%
073 Miascarade Plante
58%
111 Poké Ball Objet
58%
005 Poussacha Plante
58%
018 Taupikeau Eau
58%
101 Taupikeau 🟎 Eau
58%
029 Abra Psy
53%
031 Alakazam ◆◆◆ Psy
53%
053 Forgella ◆◆ Métal
53%
061 Grodoudou ◆◆◆ Incolore
53%
078 Grodoudou Incolore
53%
030 Kadabra ◆◆ Psy
53%
036 Mordudor Psy
53%
021 Nigirigon ◆◆ Électrique
53%
075 Nigirigon Eau
53%
060 Rondoudou Incolore
53%
072 Sbire de la Team Rocket ◆◆ Supporter
53%
091 Sbire de la Team Rocket ★★ Supporter
53%
055 Vrombi Métal
53%
105 Vrombi 🟎 Métal
53%
052 Forgerette Métal
47%
037 Machoc Combat
47%
038 Machopeur Combat
47%
039 Mackogneur ◆◆◆ Combat
47%
006 Matourgeon ◆◆ Plante
47%
016 Mustébouée Eau
47%
074 Mustébouée Eau
47%
017 Mustéflott ◆◆ Eau
47%
020 Oyacata ◆◆◆ Électrique
47%
102 Oyacata 🟎 Eau
47%
071 Red ◆◆ Supporter
47%
090 Red ★★ Supporter
47%
012 Maganon ◆◆◆ Feu
42%
011 Magmar Feu
42%
026 Pohm Électrique
42%
028 Pohmarmotte ◆◆◆ Électrique
42%
027 Pohmotte ◆◆ Électrique
42%
051 Tag-Tag ◆◆◆ Obscurité
42%
076 Tag-Tag Obscurité
42%
056 Vrombotor ◆◆ Métal
42%
106 Vrombotor 🟎 Métal
42%
070 Dame du Centre Pokémon ◆◆ Supporter
32%
089 Dame du Centre Pokémon ★★ Supporter
32%
050 Gribouraigne Obscurité
32%
041 Tygnon Combat
32%
040 Kicklee Combat
26%
069 Mashynn ◆◆ Supporter
26%
088 Mashynn ★★ Supporter
26%
058 Rattata Incolore
26%
059 Rattatac Incolore
26%
049 Spiritomb ◆◆ Obscurité
26%
045 Abo Obscurité
21%
046 Arbok ◆◆ Obscurité
21%
033 Baudrive Psy
21%
063 Coudlangue Incolore
21%
062 Excelangue Incolore
21%
034 Grodrive ◆◆ Psy
21%
068 Motorizard ◆◆ Incolore
21%
004 Scarabrute Plante
21%
013 Tauros de Paldea ◆◆ Feu
21%
024 Électrode ◆◆ Électrique
16%
044 Flamenroule ◆◆ Combat
16%
014 Tentacool Eau
16%
015 Tentacruel ◆◆ Eau
16%
023 Voltorbe Électrique
16%
066 Laporeille Incolore
11%
067 Lockpin Incolore
11%
032 M.Mime Psy
11%
Aucun quiz correspondant
Distribution des résultats
% des personnes avec chaque résultat
Percentile par nombre de réponses
Votre historique - résultats
Vous n’avez pas pris ce quiz